000
00310nam a22001337a 4500
008
170516b xxu||||| |||| 00| 0 eng d
020
_a
9780802143327
041
_a
eng
080
_a
94(7/8)
100
_a
16
101
_a
SHH
245
_a
THE AMERICAN HOME FRONT 1941 1942
_c
COOKE.A
942
_2
udc
_c
BK
999
_c
13432
_d
13432